Les 10 Pays les plus riche du monde - Statistiques

Statistiques générales
  • Ce quiz a été pris 3 041 fois
  • Le résultat moyen est 9 sur 10
Statistiques - réponses
Classement Pays % Correct
7 France
99%
1 USA
96%
2 Chine
95%
8 Russie
90%
3 Japon
87%
4 Allemagne
84%
6 Royaume Uni
81%
9 Canada
80%
5 Inde
73%
10 Italie
73%
Aucun quiz correspondant
Distribution des résultats
% des personnes avec chaque résultat
Percentile par nombre de réponses
Votre historique - résultats
Vous n’avez pas pris ce quiz